| 000 | 00888cam a22002654a 4500 | ||
|---|---|---|---|
| 999 |
_c5682 _d5682 |
||
| 001 | 17375 | ||
| 003 | BD-DhUAP | ||
| 005 | 20201220103909.0 | ||
| 008 | 201220s2005 ohua b 001 0 eng d | ||
| 020 | _a9788131505410 | ||
| 040 |
_aCOO _cCOO _dOCLCQ _dBD-DhUAP _beng |
||
| 082 | 0 | 0 |
_a658.7 WIS _223 |
| 100 | 1 | _aWisner, Joel D. | |
| 245 | 1 | 0 |
_aPrinciples of supply chain management : _ba balanced approach / _cJoel D. Wisner, G. Keong Leong and Keah-Choon Tan. |
| 250 | _aIndia edition. | ||
| 260 |
_aAustralia : _bCengage Learning, _cc2005. |
||
| 300 |
_axxii, 504 pages : _billustrations ; _c26 cm. |
||
| 504 | _aIncludes bibliographical references and indexes. | ||
| 650 | 0 | _aBusiness logistics. | |
| 650 | 0 |
_aPhysical distribution of goods _xManagement. |
|
| 650 | 0 |
_aMarketing channels _xManagement. |
|
| 700 | 1 | _aLeong, G. Keong. | |
| 700 | 1 | _aTan, Keah-Choon. | |
| 942 |
_2ddc _cBK |
||